Imágenes cautivas : (Record no. 197964)

MARC details
000 -LEADER
campo de control de longitud fija 01563nam a2200397 i 4500
001 - NÚMERO DE CONTROL
campo de control 197964
003 - IDENTIFICADOR DE NÚMERO DE CONTROL
campo de control ES-MaACL
005 - FECHA Y HORA DE LA ÚLTIMA TRANSACCIÓN
campo de control 20260205153540.0
007 - CAMPO FIJO DE DESCRIPCIÓN FÍSICA--INFORMACIÓN GENERAL
campo de control de longitud fija ta
008 - DATOS DE LONGITUD FIJA--INFORMACIÓN GENERAL
campo de control de longitud fija 251117s2023 sp a|||| |||| 001 0 spa d
017 ## - NÚMERO DE COPYRIGHT O DE DEPÓSITO LEGAL
Número de copyright o de depósito legal M 4553-2023
Agencia que asigna Oficina Depósito Legal Madrid
020 ## - NÚMERO INTERNACIONAL ESTÁNDAR DEL LIBRO
Número Internacional Estándar del Libro 978-84-00-11077-2
020 ## - NÚMERO INTERNACIONAL ESTÁNDAR DEL LIBRO
Número Internacional Estándar del Libro 978-84-00-11078-9
Información calificativa e-ISBN
024 7# - IDENTIFICADOR DE OTROS ESTÁNDARES
Número estándar o código NIPO 833-23-014-2
Fuente del número o código nipo
024 7# - IDENTIFICADOR DE OTROS ESTÁNDARES
Número estándar o código NIPO 833-23-015-8
Información calificativa e-nipo
Fuente del número o código nipo
040 ## - FUENTE DE CATALOGACIÓN
Centro catalogador/agencia de origen ES-MaACL
Lengua de catalogación spa
Centro/agencia transcriptor ES-MaACL
Normas de descripción rda
080 ## - NÚMERO DE LA CLASIFICACIÓN DECIMAL UNIVERSAL
Número de la Clasificación Decimal Universal 7:32(460)
080 ## - NÚMERO DE LA CLASIFICACIÓN DECIMAL UNIVERSAL
Número de la Clasificación Decimal Universal 7.036/.038(460)
100 1# - ENTRADA PRINCIPAL--NOMBRE DE PERSONA
9 (RLIN) 175821
Nombre de persona Chaves Amieva, Óscar
Término indicativo de función/relación Autor
245 10 - MENCIÓN DEL TÍTULO
Título Imágenes cautivas :
Resto del título arte, violencia política y cultura visual en España (1923-1959) /
Mención de responsabilidad, etc. Óscar Chaves Amieva
264 #1 - PRODUCCIÓN, PUBLICACIÓN, DISTRIBUCIÓN, FABRICACIÓN Y COPYRIGHT
Producción, publicación, distribución, fabricación y copyright Madrid :
Nombre del de productor, editor, distribuidor, fabricante Consejo Superior de Investigaciones Científicas,
Fecha de producción, publicación, distribución, fabricación o copyright 2023
300 ## - DESCRIPCIÓN FÍSICA
Extensión 461 páginas :
Otras características físicas ilustraciones (blanco y negro y color) ;
Dimensiones 28 cm
336 ## - TIPO DE CONTENIDO
Fuente rdacontent
Término de tipo de contenido Texto
337 ## - TIPO DE MEDIO
Fuente rdamedia
Nombre/término del tipo de medio sin mediación
338 ## - TIPO DE SOPORTE
Fuente rdacarrier
Nombre/término del tipo de soporte volumen
490 0# - MENCIÓN DE SERIE
Mención de serie Colección Historia del Arte. Serie Biblioteca de Historia del arte ;
Designación de volumen o secuencia 39
500 ## - NOTA GENERAL
Nota general Ejemplar dedicado y firmado por el autor
504 ## - NOTA DE BIBLIOGRAFÍA, ETC.
Nota de bibliografía, etc. Bibliografía: páginas 424-461. Índice
650 #4 - PUNTO DE ACCESO ADICIONAL DE MATERIA--TÉRMINO DE MATERIA
9 (RLIN) 242511
Término de materia o nombre geográfico como elemento de entrada Arte y política-
Subdivisión geográfica España-
Subdivisión cronológica S.XX
650 #4 - PUNTO DE ACCESO ADICIONAL DE MATERIA--TÉRMINO DE MATERIA
9 (RLIN) 10202
Término de materia o nombre geográfico como elemento de entrada Arte español-
Subdivisión cronológica S.XX
852 ## - LOCALIZACIÓN
Ubicación ES-MaACL
Ubicación en estantería Depósito J
Número de control de estantería A-15895
Donativo/Legado Donación: Óscar Chaves
Encuadernación Encuadernación rústica con solapas
itemnumber 206924
942 ## - ELEMENTOS DE ENTRADA SECUNDARIOS (KOHA)
Tipo de ítem Koha Libro impreso
Suprimir en OPAC No
Holdings
Estatus retirado Estado de pérdida Fuente del sistema de clasificación o colocación Estado de daño No para préstamo Colección Biblioteca de origen Biblioteca actual Ubicación en estantería Fecha de adquisición Fuente de adquisición Total de préstamos Signatura topográfica completa Código de barras Visto por última vez Precio de reemplazo Tipo de ítem Koha Nota pública
    Clasificación decimal universal     Libros con dedicatorias Biblioteca del Ateneo de Madrid Biblioteca del Ateneo de Madrid Depósito 1 17/11/2025 Donación   A-15895 2025-1289 17/11/2025 17/11/2025 Libro impreso Dedicatoria autógrafa del autor